Ideme do nového tisícročia so stratifikáciou 19. storočia? ako sa mení štruktúra slovenskej spoločnosti

Bibliographic Details
Main Author: Sopóci, Ján, 1955- (Author)
Format: Article
Language:Slovak
ISSN:1335-468X
Subjects:

MARC

LEADER 00000nab a2200000 a 4500
001 vtls000743262
003 SK-MaSNL
005 20260302193746.0
008 180206c1999 xo 0 slo
015 |a SNBRB2001/01-01171 
035 |a CLN000095099 
040 |a SNKBUCL  |b slo  |c SNKBUCL  |e AACR2 
041 0 |a slo 
044 |a xo  |c SK 
080 |a 301.15-058(437.6)  |2 UDC-MRF-SK2 
100 1 |a Sopóci, Ján,  |d 1955-  |4 aut  |9 207013 
245 1 0 |a Ideme do nového tisícročia so stratifikáciou 19. storočia?  |b ako sa mení štruktúra slovenskej spoločnosti  |c Ján Sopóci 
650 0 7 |a spoločnosť  |x štruktúra sociálna  |z Slovensko  |2 snkbucl  |9 912914 
650 0 7 |a sociálna stratifikácia  |2 snkbucl  |9 4871 
655 7 |a články z novín a časopisov  |2 snkbucl  |9 267496 
773 0 |x 1335-468X  |t Slovo. Politicko-spoločenský týždenník  |g Roč. 1, č. 17 (1999), s. 12 
850 |a Slovenská národná knižnica v Martine 
852 |a SNK  |b KIS3GCP 
958 |a RBX 
999 |c 1445813  |d 1447743